000 00778nas a2200265 4500
001 BR0200286
003 BR-BrBNA
005 20231205102704.0
007 ta
008 230509b bl.|||p| |||| 00| 00por d
040 _aBR-BrBNA
_bpor
_cBiblioteca Nacional de Agricultura
041 _a(En)
072 _aL72
100 1 _aMadeira, N.G.
245 1 _aWould Chrysomya albiceps (Diptera: Calliphoridae)be a beneficial species?
650 _aMOSCA
650 _aMIÍASE
650 _aLARVA
650 _aLESÃO
650 _aDIPTERA
650 _aCARCAÇA
773 0 _tArquivo Brasileiro de Medicina Veterinária e Zootecnia (Brazil)
_xISSN 0102-0935
_g(Apr 2001), v. 53(2) p. 157-161
_wBR0200286
909 _a202311
_bLúcia
_c55
_dLúcia Elande
942 _2AGRIS
_n0
_cANA
999 _c168836
_d168836